[Event "CZE-chT2a 0405"]
[Site "Czech Republic"]
[Date "2005.03.06"]
[Round "9.7"]
[White "Hruza, Miroslav"]
[Black "Sott, Pavel"]
[Result "1/2-1/2"]
[WhiteElo "2017"]
[BlackElo "2088"]
[PlyCount "86"]
[EventDate "2004.10.17"]
[EventType "team"]
[EventRounds "11"]
[EventCountry "CZE"]
[SourceTitle "EXT 2007"]
[Source "ChessBase"]
[SourceDate "2006.11.23"]
[SourceVersion "1"]
[SourceVersionDate "2006.11.23"]
[SourceQuality "1"]
[WhiteTeam "Habartov"]
[BlackTeam "Klatovy"]
[WhiteTeamCountry "CZE"]
[BlackTeamCountry "CZE"]

1. d4 Nf6 2. c4 c5 3. d5 e6 4. Nc3 exd5 5. cxd5 d6 6. Nf3 g6 7. Nd2 Nbd7 8. e4 Bg7 9. Nc4 Nb6 10. Nxb6 Qxb6 11. Bb5+ Bd7 12. Qa4 Bxb5 13. Qxb5+ Qxb5 14. Nxb5 Kd7 15. Nc3 b5 16. f3 b4 17. Na4 Rhe8 18. 0-0 Ke7 19. Bd2 Nd7 20. Rac1 Nb6 21. b3 Kf8 22. Rfe1 f5 23. Bf4 Be5 24. g3 fxe4 25. fxe4 Kg7 26. Kf2 Rf8 27. Ke3 Nd7 28. Rc2 Rae8 29. Nb2 Nf6 30. Bxe5 Rxe5 31. Kd3 Nxd5 32. Nc4 Re6 33. Nxd6 Rxd6 34. exd5 Rxd5+ 35. Kc4 Rdf5 36. Re7+ R8f7 37. Rxf7+ Kxf7 38. Kb5 Ke6 39. Rxc5 Rf2 40. Rc7 Rxa2 41. Rxh7 a5 42. g4 Ra3 43. Kc4 g5 1/2-1/2

[Event "CZE-chT2a 0405"]
[Site "Czech Republic"]
[Date "2005.02.06"]
[Round "7.8"]
[White "Skacel, Tomas"]
[Black "Hruza, Miroslav"]
[Result "1/2-1/2"]
[WhiteElo "1770"]
[BlackElo "2017"]
[PlyCount "114"]
[EventDate "2004.10.17"]
[EventType "team"]
[EventRounds "11"]
[EventCountry "CZE"]
[SourceTitle "EXT 2007"]
[Source "ChessBase"]
[SourceDate "2006.11.23"]
[SourceVersion "1"]
[SourceVersionDate "2006.11.23"]
[SourceQuality "1"]
[WhiteTeam "Pribram"]
[BlackTeam "Habartov"]
[WhiteTeamCountry "CZE"]
[BlackTeamCountry "CZE"]

1. e4 d6 2. d4 Nf6 3. Nc3 g6 4. f3 c6 5. Be3 Bg7 6. Qd2 Nbd7 7. 0-0-0 Nf8 8. Bh6 Bxh6 9. Qxh6 Qa5 10. Bc4 b5 11. e5 bxc4 12. exf6 Ne6 13. d5 cxd5 14. Rxd5 Qb6 15. fxe7 Bd7 16. Ne4 Rb8 17. Nxd6+ Kxe7 18. Nxc4 Qc6 19. Qh4+ g5 20. Qe4 Qb7 21. Qe5 Rhd8 22. Nd6 Qb4 23. Ne2 f6 24. Qc3 Nf4 25. Nxf4 Qxf4+ 26. Qd2 Be6 27. Qxf4 gxf4 28. Nf5+ Kf7 29. Rxd8 Rxd8 30. Nh6+ Kg6 31. Ng4 Bxa2 32. b3 a5 33. Kb2 Rd2 34. Ra1 Bxb3 35. Kxb3 h5 36. Nxf6 Kxf6 37. Rxa5 Kg6 38. Ra6+ Kg5 39. Ra5+ Kg6 40. g4 hxg4 41. fxg4 Rxh2 42. Rf5 Rf2 43. Kc3 Rf1 44. Kd3 Rf3+ 45. Kd4 Rf1 46. Ke4 Rc1 47. Rc5 Rf1 48. c4 f3 49. Ke3 Kg7 50. Rf5 Rc1 51. c5 Rc3+ 52. Kd4 Ra3 53. c6 Ra6 54. c7 Rc6 55. Rc5 Rxc5 56. Kxc5 f2 57. c8Q f1Q 1/2-1/2